[Event "Dubai Chess Open"]
[Site "Dubai UAE"]
[Date "2015.04.07"]
[EventDate "2015.04.06"]
[Round "2.24"]
[Result "1-0"]
[White "Yuri Solodovnichenko"]
[Black "Alireza Firouzja"]
[WhiteElo "2584"]
[BlackElo "2312"]
[PlyCount "101"]

1. e4 c5 2. Nf3 d6 3. Bb5+ Nc6 4. O-O Bd7 5. Re1 Nf6 6. c3 a6
7. Bf1 Bg4 8. h3 Bxf3 9. Qxf3 g6 10. d3 Bg7 11. Nd2 O-O
12. Qd1 Nd7 13. Nf3 b5 14. Be3 Nb6 15. Qd2 Re8 16. Rac1 Rc8
17. b3 Qd7 18. d4 cxd4 19. cxd4 Qb7 20. d5 Nb8 21. a4 bxa4
22. Qb4 Rxc1 23. Rxc1 Bb2 24. Rd1 a3 25. Qxb6 Qxb6 26. Bxb6 a2
27. Bd4 a1=Q 28. Rxa1 Bxa1 29. Bxa1 Rc8 30. Bc4 a5 31. Nd2 Nd7
32. Bd4 Rb8 33. Kf1 Nb6 34. Bxb6 Rxb6 35. Ke2 Kg7 36. Nf3 Kf6
37. Kd3 e5 38. dxe6 fxe6 39. Nd4 e5 40. Nb5 Rb8 41. Kc3 Ke7
42. Kb2 Kd7 43. Ka3 Kc6 44. Ka4 Kc5 45. f3 Re8 46. h4 Ra8
47. Bd5 Ra6 48. Na3 Kd4 49. Nc4 Ra7 50. Nxa5 Ke3 51. Bb7 1-0

[Event "Dubai Chess Open"]
[Site "Dubai UAE"]
[Date "2015.04.11"]
[EventDate "2015.04.06"]
[Round "6.28"]
[Result "1/2-1/2"]
[White "Kidambi Sundararajan"]
[Black "Alireza Firouzja"]
[WhiteElo "2433"]
[BlackElo "2312"]
[PlyCount "240"]

1. c4 Nf6 2. Nc3 d5 3. cxd5 Nxd5 4. g3 g6 5. Bg2 Nb6 6. d3 Bg7
7. Be3 Nc6 8. Bxc6+ bxc6 9. Qd2 h5 10. Nf3 Bg4 11. Rc1 Qd7
12. Ne4 Bxf3 13. exf3 Rd8 14. h4 Qf5 15. Ke2 Nd7 16. Bf4 Qe6
17. Kf1 Qxa2 18. Rxc6 Ne5 19. Bxe5 Bxe5 20. Kg2 Qxb2 21. Qxb2
Bxb2 22. Rxc7 Bd4 23. Re1 O-O 24. Rxe7 a5 25. Re2 a4 26. Ra2
Ra8 27. Rd7 Bg7 28. Nd6 Rfb8 29. Nc4 Rb3 30. Kf1 Bc3 31. Re7
a3 32. Ree2 Bb4 33. Re3 Bc5 34. d4 Rb1+ 35. Re1 Rxe1+ 36. Kxe1
Bxd4 37. Rxa3 Rc8 38. Ra4 Bc5 39. Kf1 Rb8 40. Ra2 Rb3 41. Ke2
Rc3 42. Nd2 Be7 43. Ne4 Rc7 44. Kf1 Kg7 45. Kg2 Rb7 46. Ra5
Rd7 47. Rb5 Ra7 48. f4 Ra4 49. Re5 Kf8 50. Nc3 Rc4 51. Nd5 Bd6
52. Re2 Kg7 53. Ne3 Rc5 54. Rd2 Bf8 55. Rd7 Kf6 56. Kf3 Ke6
57. Ra7 Rc6 58. Ra4 f5 59. Ra8 Be7 60. Ke2 Bf6 61. Re8+ Kf7
62. Rb8 Ke6 63. Rb3 Ra6 64. Kf3 Rc6 65. Rd3 Rc5 66. Ra3 Rc6
67. Ra4 Bg7 68. Rc4 Rb6 69. Rc7 Bf6 70. Nc4 Ra6 71. Rb7 Bd4
72. Rb3 Ra2 73. Ne3 Ra4 74. Nc2 Bc5 75. Ne1 Ra6 76. Nd3 Bd6
77. Ne5 Kf6 78. Rb6 Rxb6 79. Nd7+ Ke6 80. Nxb6 Bc5 81. Nc4 Bd4
82. Ke2 Kf6 83. Ne3 Ke6 84. Kd3 Bb6 85. Kc4 Ba5 86. Kc5 Be1
87. Nd1 Ke7 88. Kd5 Kd7 89. Ke5 Ke7 90. Kd4 Kd6 91. Ke3 Ke6
92. Nb2 Ba5 93. Nc4 Bc3 94. Ne5 Kf6 95. Kd3 Be1 96. Ke2 Bc3
97. Nd3 Bd4 98. Kd2 Ke6 99. Kc2 Kd5 100. Kd2 Ke6 101. Ke2 Kf6
102. Ne5 Ba7 103. Nc6 Bc5 104. Kf3 Bb6 105. Ne5 Bd4 106. Kg2
Ba7 107. Nd3 Bd4 108. Kf3 Ba7 109. Ke2 Bd4 110. Ke1 Ke6
111. Kd2 Kd5 112. Ke1 Ke6 113. Ke2 Kf6 114. Ne5 Ba7 115. Nf3
Bb6 116. Ng5 Ba7 117. Nh3 Bb6 118. Kd3 Ke6 119. Kc4 Kd6
120. Kd3 Kd5 1/2-1/2

[Event "Dubai Chess Open"]
[Site "Dubai UAE"]
[Date "2015.04.12"]
[EventDate "2015.04.06"]
[Round "7.30"]
[Result "1-0"]
[White "Alireza Firouzja"]
[Black "Imed Abdelnabbi"]
[WhiteElo "2278"]
[BlackElo "2433"]
[PlyCount "81"]

1. e4 e5 2. Nf3 Nc6 3. Bb5 a6 4. Ba4 d6 5. d4 b5 6. Bb3 Nxd4
7. Nxd4 exd4 8. Bd5 Rb8 9. Bc6+ Bd7 10. Bxd7+ Qxd7 11. Qxd4
Nf6 12. O-O Be7 13. Nc3 O-O 14. Qd3 Rfe8 15. Rd1 Qe6 16. Be3
Ng4 17. Nd5 Bd8 18. f3 Nxe3 19. Nxe3 Qe5 20. c3 b4 21. Nd5
bxc3 22. bxc3 a5 23. Qc4 Kf8 24. Rab1 Rxb1 25. Rxb1 c5 26. Re1
Bh4 27. f4 Qe6 28. g3 Bd8 29. Re3 h5 30. Qe2 g6 31. c4 Kg7
32. Qb2+ Bf6 33. e5 dxe5 34. Nc7 Qd7 35. Nxe8+ Qxe8 36. fxe5
Bg5 37. e6+ Bf6 38. Qb5 Qa8 39. e7 Bd4 40. e8=Q Qf3 41. Qe5+
1-0

[Event "Dubai Chess Open"]
[Site "Dubai UAE"]
[Date "2015.04.13"]
[EventDate "2015.04.06"]
[Round "8.22"]
[Result "1-0"]
[White "Murali Karthikeyan"]
[Black "Alireza Firouzja"]
[WhiteElo "2504"]
[BlackElo "2278"]
[PlyCount "115"]

1. e4 c5 2. Nf3 d6 3. d4 cxd4 4. Nxd4 Nf6 5. Nc3 a6 6. a4 Nc6
7. Be2 e5 8. Nb3 Be7 9. O-O O-O 10. Bg5 Be6 11. Bxf6 Bxf6
12. Nd5 Bg5 13. a5 Rc8 14. c3 Ne7 15. Nb6 Rc6 16. Bf3 Nc8
17. Nd5 Ne7 18. Ra4 Bxd5 19. exd5 Rc7 20. c4 f5 21. Be2 Bf6
22. Rb4 Kh8 23. g3 Qd7 24. Qd2 Nc8 25. Na1 g6 26. Nc2 Qg7
27. Rd1 Rd8 28. Ra4 Qe7 29. b4 Kg7 30. Ra2 Rdd7 31. Rb1 e4
32. Qd1 Qe5 33. b5 f4 34. b6 Rc5 35. Nb4 fxg3 36. hxg3 Ne7
37. Nxa6 bxa6 38. b7 Rd8 39. b8=Q Rxb8 40. Rxb8 Nf5 41. Rb7+
Kh8 42. Bg4 Nd4 43. Rab2 h5 44. Rf7 Rc8 45. Bxc8 Nf3+ 46. Kg2
Qxb2 47. Qa4 Bg7 48. Qe8+ Kh7 49. Qxe4 Ng5 50. Rxg7+ Qxg7
51. Qf4 Nf7 52. Bxa6 Ne5 53. Bb5 Nd3 54. Qxd6 Qa1 55. Be8 Ne1+
56. Kh3 Nd3 57. Qxg6+ Kh8 58. Qxh5+ 1-0

[Event "Dubai Chess Open"]
[Site "Dubai UAE"]
[Date "2015.04.14"]
[EventDate "2015.04.06"]
[Round "9.25"]
[Result "0-1"]
[White "Alireza Firouzja"]
[Black "Sahaj Grover"]
[WhiteElo "2278"]
[BlackElo "2526"]
[PlyCount "82"]

1. e4 e6 2. d3 d5 3. Nd2 Nf6 4. Ngf3 b6 5. g3 Bb7 6. Bg2 c5
7. O-O Be7 8. e5 Nfd7 9. Re1 Nc6 10. Nf1 Qc7 11. Qe2 O-O-O
12. h4 h6 13. h5 Kb8 14. c3 Rdg8 15. c4 dxc4 16. dxc4 g6
17. hxg6 fxg6 18. Bd2 Rh7 19. Bc3 Rf7 20. Rad1 g5 21. Qd3 Nf8
22. N3h2 g4 23. Ne3 h5 24. Nd5 Qc8 25. Nxe7 Nxe7 26. Bxb7 Kxb7
27. b4 Nf5 28. Qe4+ Qc6 29. Qxc6+ Kxc6 30. b5+ Kc7 31. a4 Nh7
32. a5 Ng5 33. Re2 bxa5 34. Bxa5+ Kc8 35. Bc3 h4 36. Rd3 Nf3+
37. Kg2 Nxh2 38. Kxh2 hxg3+ 39. fxg3 Rh8+ 40. Kg1 Rfh7 41. Kf2
Rh1 0-1

[Event "IRI-ch Men Final 2015"]
[Site "Tehran"]
[Date "2016.01.26"]
[EventDate "2016.??.??"]
[Round "9"]
[Result "0-1"]
[White "Ehsan Ghaem Maghami"]
[Black "Alireza Firouzja"]
[WhiteElo "2594"]
[BlackElo "2455"]
[PlyCount "84"]

1. c4 g6 2. d4 Nf6 3. Bg5 Bg7 4. Nc3 O-O 5. e4 d6 6. Qd2 c5
7. d5 e6 8. f3 exd5 9. cxd5 a6 10. Nge2 b5 11. Ng3 Re8 12. Be2
Nbd7 13. O-O Rb8 14. Kh1 Qe7 15. a4 b4 16. Nd1 Qf8 17. Nf2 h6
18. Be3 h5 19. Rfe1 a5 20. Bb5 Bb7 21. Nf1 Rec8 22. Rac1 Nb6
23. Qc2 Nfd7 24. Nd2 c4 25. Qb1 c3 26. bxc3 Bxc3 27. Nd1 Bxd2
28. Bxd2 Rxc1 29. Bxc1 Nc5 30. Nb2 Ba6 31. Bxa6 Nxa6 32. Be3
Nc5 33. Qd1 Qe8 34. Bxc5 dxc5 35. Qb3 Qe5 36. Rd1 Qc3 37. Qxc3
bxc3 38. Nd3 c2 39. Rc1 Nxd5 40. Rxc2 Nb4 41. Nxb4 axb4
42. Rxc5 b3 0-1

[Event "Aeroflot Open"]
[Site "Moscow RUS"]
[Date "2016.03.04"]
[EventDate "2016.03.01"]
[Round "4.38"]
[Result "1/2-1/2"]
[White "Bartosz Socko"]
[Black "Alireza Firouzja"]
[WhiteElo "2587"]
[BlackElo "2475"]
[PlyCount "177"]

1. e4 c5 2. Nf3 d6 3. d4 cxd4 4. Nxd4 Nf6 5. Nc3 a6 6. g3 g6
7. Bg2 Bg7 8. O-O Bg4 9. Qe1 Qc8 10. Be3 O-O 11. f3 Bh3
12. Rd1 Bxg2 13. Kxg2 b5 14. Rf2 Qb7 15. Kg1 Nbd7 16. a3 Nb6
17. g4 Rac8 18. Na2 Nfd7 19. c3 d5 20. exd5 Nxd5 21. Nb4 Nxe3
22. Qxe3 Ne5 23. Re1 e6 24. Nd3 Nc4 25. Qe4 Qb6 26. f4 Rfd8
27. Nf3 Rd5 28. Kg2 Nd6 29. Qe2 a5 30. Nde5 Qb7 31. Kg1 Bf6
32. Rff1 Bd8 33. Rd1 Bb6+ 34. Kg2 Re8 35. b3 f6 36. Nd3 Qc8
37. Qe1 e5 38. fxe5 Qxg4+ 39. Kh1 Nf5 40. c4 bxc4 41. bxc4
Qxc4 42. Nb2 Qb3 43. Qe4 Rxd1 44. Nxd1 fxe5 45. Nxe5 Bd4
46. Qf3 Qxf3+ 47. Nxf3 Bc5 48. a4 Re4 49. Nc3 Rc4 50. Nd5 Rxa4
51. Rc1 Bd6 52. Rc8+ Kg7 53. Ra8 h6 54. Ra7+ Kf8 55. Rd7 Ra3
56. Nd4 Ra1+ 57. Kg2 Ra2+ 58. Kf1 Nxd4 59. Rxd6 Kf7 60. Nf4
Nf5 61. Ra6 g5 62. Nd5 Kg7 63. h3 a4 64. Nc3 Ra3 65. Nxa4 Rxh3
66. Nc5 Rh2 67. Ne6+ Kg8 68. Nxg5 Ne3+ 69. Ke1 Nc2+ 70. Kd1
hxg5 71. Rg6+ Kf7 72. Rxg5 Kf6 73. Rc5 Nd4 74. Rd5 Nf5 75. Kc1
Ke6 76. Rd2 Rh3 77. Kb2 Ke5 78. Rd8 Nd6 79. Kc2 Ra3 80. Kd2
Nc4+ 81. Kc2 Ne3+ 82. Kb2 Ra7 83. Kc3 Nd5+ 84. Kd3 Ra3+
85. Ke2 Nf4+ 86. Kd2 Ke4 87. Re8+ Kd4 88. Rd8+ Nd5 89. Ke2
1/2-1/2

[Event "Aeroflot Open"]
[Site "Moscow RUS"]
[Date "2016.03.05"]
[EventDate "2016.03.01"]
[Round "5.37"]
[Result "1/2-1/2"]
[White "Alireza Firouzja"]
[Black "Nikita Maiorov"]
[WhiteElo "2475"]
[BlackElo "2558"]
[PlyCount "126"]

1. e4 e5 2. Nf3 Nc6 3. Nc3 Nf6 4. Bb5 Bd6 5. a3 a6 6. Bc4 Bc5
7. d3 h6 8. h3 d6 9. O-O O-O 10. Ne2 Be6 11. Ng3 Re8 12. Re1
Qd7 13. Ba2 Rad8 14. b4 Ba7 15. c4 Nd4 16. Be3 Nxf3+ 17. Qxf3
Bxe3 18. Qxe3 b5 19. Ne2 bxc4 20. Bxc4 a5 21. b5 d5 22. exd5
Bxd5 23. a4 Qd6 24. Ng3 Qe6 25. Rac1 Rd7 26. Nf1 Qd6 27. Nd2
Qb4 28. Nb3 e4 29. Nc5 Rde7 30. Qd4 exd3 31. Rxe7 Rxe7
32. Nxd3 Qxa4 33. Qc3 Rd7 34. Ne5 Ne4 35. Qe3 Rd6 36. Nxf7
Bxc4 37. Nxd6 Nxd6 38. b6 Qc6 39. bxc7 Qxc7 40. Qe5 Qc6
41. Qxa5 Nf7 42. Qb4 Nd6 43. Qb8+ Kh7 44. Qb1+ Kg8 45. Qb8+
Kh7 46. Qd8 Qc5 47. Qe7 Qg5 48. Qxg5 hxg5 49. f3 Kg6 50. Kf2
Kf6 51. Rb1 Ke5 52. Ra1 Bd5 53. Ra7 Bb7 54. Kg3 Kf6 55. h4
gxh4+ 56. Kxh4 Nf5+ 57. Kh3 Bc8 58. Kh2 g6 59. Ra4 Ne7
60. Rf4+ Kg7 61. Re4 Kf6 62. Rf4+ Kg7 63. Re4 Kf6 1/2-1/2

[Event "Aeroflot Open"]
[Site "Moscow RUS"]
[Date "2016.03.06"]
[EventDate "2016.03.01"]
[Round "6.40"]
[Result "0-1"]
[White "Alireza Firouzja"]
[Black "Chithambaram V R Aravindh"]
[WhiteElo "2475"]
[BlackElo "2506"]
[PlyCount "120"]

1. e4 c5 2. Nf3 Nc6 3. d4 cxd4 4. Nxd4 Nf6 5. Nc3 e5 6. Ndb5
d6 7. Bg5 a6 8. Na3 b5 9. Bxf6 gxf6 10. Nd5 Bg7 11. c3 f5
12. Bd3 Ne7 13. Nxe7 Qxe7 14. Nc2 Qg5 15. g3 Bb7 16. Qe2 O-O
17. h4 Qf6 18. O-O-O d5 19. f3 Rfc8 20. Kb1 a5 21. Ne3 b4
22. cxb4 axb4 23. Nxf5 Bf8 24. Rc1 b3 25. a3 Rcb8 26. Qe3 Kh8
27. exd5 Bxd5 28. Rhe1 Re8 29. g4 Qe6 30. Rc3 Ra5 31. Kc1 Bc5
32. Qh6 Qg6 33. Be4 Be6 34. h5 Qxh6+ 35. Nxh6 Be7 36. Nf5 Bg5+
37. Ne3 Rd8 38. Kb1 Ra4 39. Rd1 Rad4 40. Rdc1 h6 41. Ka1 Rd2
42. Rb1 Kg7 43. Nc4 Re2 44. Bf5 Bxf5 45. gxf5 Rc8 46. Rg1 Rc2
47. Rg4 e4 48. Rxb3 R2xc4 49. fxe4 Re8 50. Re3 Re5 51. b3 Rc2
52. b4 Kf6 53. Re1 Re8 54. Rd1 Ra8 55. Rd3 Re2 56. b5 Rc8
57. Rb3 Rc1+ 58. Rb1 Rcc2 59. Rb3 Be3 60. e5+ Kxe5 0-1

[Event "Aeroflot Open"]
[Site "Moscow RUS"]
[Date "2016.03.09"]
[EventDate "2016.03.01"]
[Round "9.39"]
[Result "1-0"]
[White "Alireza Firouzja"]
[Black "Yiye Wang"]
[WhiteElo "2475"]
[BlackElo "2445"]
[PlyCount "57"]

1. e4 e6 2. d4 d5 3. Nc3 dxe4 4. Nxe4 Bd7 5. Nf3 Bc6 6. Bd3
Nd7 7. c3 Ngf6 8. Nxf6+ Nxf6 9. Bf4 Bd6 10. Ne5 Bxe5 11. Bxe5
Nd7 12. Bf4 Bxg2 13. Rg1 Bc6 14. Rxg7 Qf6 15. Qg4 O-O-O
16. Bxh7 Bf3 17. Qg5 Qxg5 18. Bxg5 f6 19. Bf4 e5 20. Bg3 exd4
21. cxd4 Rhe8+ 22. Kf1 Be4 23. Rc1 c6 24. b4 Bxh7 25. Rxh7 Re4
26. d5 Ne5 27. dxc6 Rxb4 28. cxb7+ Kb8 29. Rf7 1-0

[Event "Asian Continental Championship"]
[Site "Tashkent UZB"]
[Date "2016.05.27"]
[EventDate "2016.05.26"]
[Round "2.4"]
[Result "1/2-1/2"]
[White "Ni Hua"]
[Black "Alireza Firouzja"]
[WhiteElo "2682"]
[BlackElo "2485"]
[PlyCount "83"]

1. e4 e5 2. Nf3 Nc6 3. Bb5 Nf6 4. O-O Nxe4 5. d4 Nd6 6. Bxc6
dxc6 7. dxe5 Nf5 8. Qxd8+ Kxd8 9. h3 Bd7 10. Nc3 Be7 11. b3
Nh4 12. Nxh4 Bxh4 13. Ne2 h5 14. Bb2 c5 15. Nf4 Bf5 16. e6
fxe6 17. Bxg7 Rh7 18. Be5 Bg5 19. Rad1+ Kc8 20. c4 a5 21. Nxh5
Rxh5 22. g4 Rxh3 23. gxf5 exf5 24. Kg2 Rh6 25. Rfe1 b6 26. a4
Kb7 27. Rh1 Re6 28. Rd5 Rf8 29. Rh5 Rg6 30. Kf3 Rf7 31. Bh2
Rh6 32. Rxh6 Bxh6 33. Bf4 Bf8 34. Be5 Bh6 35. Bf4 Bf8 36. Be5
Bh6 37. Rd8 Bc1 38. Rd1 Bh6 39. Rd8 Bc1 40. Kg3 Bg5 41. Rg8
Bd2 42. Rd8 1/2-1/2

[Event "Asian Continental Championship"]
[Site "Tashkent UZB"]
[Date "2016.05.28"]
[EventDate "2016.05.26"]
[Round "3.8"]
[Result "0-1"]
[White "Alireza Firouzja"]
[Black "Rustam Mashrukovich Kasimdzhanov"]
[WhiteElo "2485"]
[BlackElo "2703"]
[PlyCount "148"]

1. e4 e6 2. d4 d5 3. Nc3 Bb4 4. Ne2 dxe4 5. a3 Be7 6. Nxe4 Nf6
7. Nxf6+ Bxf6 8. Be3 O-O 9. Qd2 Nd7 10. O-O-O Be7 11. g4 Nf6
12. Rg1 Nd5 13. Bg2 b5 14. Qa5 a6 15. Nf4 Bb7 16. Kb1 Bd6
17. g5 Re8 18. Bc1 Qc8 19. Nd3 Ne7 20. f4 Bxg2 21. Rxg2 Qb7
22. Re2 Rad8 23. Rde1 Nf5 24. Be3 Bf8 25. Bg1 Rd5 26. Qc3 Red8
27. Re5 c6 28. Bf2 Bd6 29. R5e4 Ra8 30. Qb3 a5 31. a4 Rb8
32. Rc1 Bf8 33. Ne5 Qc8 34. Qc3 Nd6 35. Re2 Rb6 36. Qf3 Nf5
37. c4 bxc4 38. Rxc4 Qb7 39. Rec2 Ne7 40. Ka2 g6 41. Be1 Bg7
42. Qc3 Bxe5 43. dxe5 Rd1 44. Bf2 Rb4 45. Rxb4 axb4 46. Qb3
Rf1 47. Bc5 Nd5 48. Rc4 h5 49. Bd6 Rh1 50. h3 Kh7 51. Bc5 Qa6
52. Bxb4 Rxh3 53. Bc3 h4 54. Rc5 Rg3 55. f5 gxf5 56. Rc4 Rg4
57. Rxg4 fxg4 58. Qc2+ Kg7 59. Be1 Qf1 60. Qe4 g3 61. Qxh4
Qxe1 62. Qh6+ Kg8 63. g6 fxg6 64. Qxg6+ Kf8 65. Qxe6 Qe3
66. Qd6+ Kg7 67. Qd7+ Kf8 68. Qd6+ Kf7 69. e6+ Kf6 70. e7+ Kf7
71. e8=B+ Kxe8 72. Qxc6+ Ke7 73. Qb7+ Kf6 74. Qa6+ Ke5 0-1

[Event "Chess Olympiad"]
[Site "Baku AZE"]
[Date "2016.09.09"]
[EventDate "2016.09.02"]
[Round "7.9"]
[Result "0-1"]
[White "Sumiya Bilguun"]
[Black "Alireza Firouzja"]
[WhiteElo "2444"]
[BlackElo "2463"]
[PlyCount "124"]

1. e4 c5 2. Nf3 d6 3. c3 Nf6 4. Be2 g6 5. O-O Bg7 6. Bb5+ Nbd7
7. Re1 O-O 8. d4 a6 9. Bf1 b5 10. e5 dxe5 11. dxe5 Ne8 12. a4
bxa4 13. Qxa4 Qc7 14. Bf4 Nb6 15. Qc2 Bf5 16. Bd3 Bxd3
17. Qxd3 Qc6 18. Nbd2 Nc7 19. Qe2 a5 20. h4 a4 21. h5 Ne6
22. Be3 Nd5 23. hxg6 hxg6 24. Qc4 Rfb8 25. Ra2 Rd8 26. Qh4 Qb7
27. Bh6 a3 28. c4 Nb4 29. Rxa3 Nc2 30. Rb3 Qd7 31. Re4 Ncd4
32. Nxd4 Nxd4 33. Bxg7 Kxg7 34. Rxd4 Qxd4 35. Qxd4 Rxd4
36. Nf3 Rxc4 37. Rb7 Kf8 38. g3 Rb4 39. Rc7 Rxb2 40. e6 Ra1+
41. Kg2 Raa2 42. Ne5 Rxf2+ 43. Kh3 Rae2 44. Rxc5 Rf5 45. Nd7+
Kg7 46. exf7 Kxf7 47. Rc4 Re3 48. Kg4 Ke6 49. Nb6 Rff3 50. Kg5
Rxg3+ 51. Kh6 Kf5 52. Nd5 Rh3+ 53. Kg7 Re5 54. Rd4 g5 55. Kf7
Rh7+ 56. Kg8 Rh4 57. Rd1 Kg6 58. Nb6 g4 59. Nd7 Rg5 60. Kf8 g3
61. Kxe7 g2 62. Rd6+ Kg7 0-1

[Event "Chess Olympiad"]
[Site "Baku AZE"]
[Date "2016.09.10"]
[EventDate "2016.09.02"]
[Round "8.5"]
[Result "1/2-1/2"]
[White "Alireza Firouzja"]
[Black "Luca Moroni Jr"]
[WhiteElo "2463"]
[BlackElo "2459"]
[PlyCount "102"]

1. e4 e6 2. d4 d5 3. Nc3 Nf6 4. Bg5 Be7 5. e5 Nfd7 6. Bxe7
Qxe7 7. f4 a6 8. Qg4 O-O 9. Nf3 c5 10. Bd3 h6 11. f5 Nc6
12. f6 Nxf6 13. exf6 Qxf6 14. dxc5 e5 15. Nxd5 Bxg4 16. Nxf6+
gxf6 17. O-O f5 18. Nh4 f4 19. g3 f5 20. gxf4 e4 21. Bc4+ Kh7
22. Kf2 Nb4 23. Bb3 Rad8 24. Kg3 Nd5 25. h3 Bh5 26. Rae1 Kg7
27. Ng2 Kf6 28. Bxd5 Rxd5 29. Ne3 Rxc5 30. Kh4 Bf7 31. Rd1 Be6
32. Rd6 Rc6 33. Rxc6 bxc6 34. Rd1 Ke7 35. Rd4 Rb8 36. b3 Rg8
37. Rd1 a5 38. c4 Rb8 39. Kg3 a4 40. Rb1 c5 41. Kf2 Kf6
42. Ke2 Rb7 43. Rb2 Rb8 44. Kf2 Rb6 45. Ke2 Kg6 46. Kf2 Kh5
47. Rb1 Kg6 48. Rb2 Kf6 49. Ke2 Ke7 50. Kf2 Kf7 51. Ke2 Kf6
1/2-1/2

[Event "1st Paytakht Cup"]
[Site "Tehran IRI"]
[Date "2016.10.28"]
[EventDate "2016.10.25"]
[Round "4.3"]
[Result "1/2-1/2"]
[White "Alireza Firouzja"]
[Black "Pouya Idani"]
[WhiteElo "2469"]
[BlackElo "2551"]
[PlyCount "111"]

1. b3 e5 2. Bb2 Nc6 3. e3 Nf6 4. Bb5 Bd6 5. Na3 Be7 6. Nc4 e4
7. Bxc6 bxc6 8. f4 O-O 9. Ne2 d6 10. O-O c5 11. Ng3 Re8 12. d3
exd3 13. cxd3 Bf8 14. Qf3 d5 15. Ne5 a5 16. a4 Ra6 17. Rac1 d4
18. exd4 cxd4 19. Nc6 Qd5 20. Nxd4 Qxf3 21. Nxf3 Nd5 22. Nd2
Re3 23. Rf3 Rxf3 24. Nxf3 Nxf4 25. Rxc7 Be6 26. Nd4 Nxd3
27. Nxe6 Rxe6 28. Bc3 Rb6 29. Bxa5 Rxb3 30. Kf1 Ra3 31. Rc4
Nc5 32. Ne4 Rxa4 33. Rxa4 Nxa4 34. g4 f6 35. Ke2 Nb2 36. Bc3
Nc4 37. Kd3 Nb6 38. Bd4 Nd5 39. Nc3 Nf4+ 40. Ke4 Ne6 41. Be3
Kf7 42. Nd5 Bc5 43. Bd2 Bd6 44. h3 Nc5+ 45. Kf3 Ke6 46. Ne3
Nb3 47. Bc3 Be5 48. Be1 g6 49. Bb4 Nd4+ 50. Ke4 f5+ 51. gxf5+
gxf5+ 52. Kd3 Nf3 53. Ng2 f4 54. Nxf4+ Bxf4 55. Ke4 Ne5
56. Kxf4 1/2-1/2

[Event "World Blitz Championship"]
[Site "Doha QAT"]
[Date "2016.12.29"]
[EventDate "2016.12.29"]
[Round "1.36"]
[Result "0-1"]
[White "Alireza Firouzja"]
[Black "Ivan Cheparinov"]
[WhiteElo "2456"]
[BlackElo "2689"]
[PlyCount "46"]

1. Nf3 d5 2. g3 g6 3. Bg2 Bg7 4. c4 dxc4 5. Qa4+ Nc6 6. Qxc4
e5 7. d3 Nge7 8. O-O O-O 9. Nc3 h6 10. Bd2 Be6 11. Qa4 Qd7
12. Rfc1 f5 13. Qd1 Rad8 14. Rab1 Nd4 15. Ne1 c5 16. b3 b6
17. Na4 Bd5 18. Bc3 Nec6 19. e3 Bxg2 20. Kxg2 Ne6 21. Qe2 f4
22. Rd1 Ng5 23. Ba1 f3+ 0-1

[Event "World Blitz Championship"]
[Site "Doha QAT"]
[Date "2016.12.29"]
[EventDate "2016.12.29"]
[Round "2.42"]
[Result "0-1"]
[White "Bassem Amin"]
[Black "Alireza Firouzja"]
[WhiteElo "2662"]
[BlackElo "2456"]
[PlyCount "143"]

1. e4 c5 2. Nf3 d6 3. g3 Nf6 4. d3 Nc6 5. Bg2 e5 6. O-O Be7
7. c3 O-O 8. Re1 h6 9. h3 Re8 10. a3 Bf8 11. b4 b6 12. Bb2 Bb7
13. Nbd2 Qc7 14. Rc1 Rad8 15. d4 Qd7 16. d5 Ne7 17. Nc4 Ba6
18. Nfd2 Rc8 19. Bf1 Bb5 20. Qe2 Ba4 21. Ba1 cxb4 22. cxb4 Ng6
23. Ne3 b5 24. Ng4 Nxg4 25. Qxg4 Qxg4 26. hxg4 a6 27. Bd3 Ne7
28. Kg2 Rxc1 29. Rxc1 Rc8 30. Rxc8 Nxc8 31. f4 f6 32. Kf3 Bd1+
33. Be2 Bxe2+ 34. Kxe2 Be7 35. Kd3 Kf7 36. Bc3 Ke8 37. Nf3 g5
38. Bd2 Bf8 39. Be3 Kd7 40. Nd2 Be7 41. Nb1 Bd8 42. Nc3 Bb6
43. a4 Bxe3 44. Kxe3 bxa4 45. Nxa4 Kc7 46. fxe5 fxe5 47. Kd3
Ne7 48. Nb2 Kb6 49. Nc4+ Kc7 50. Ne3 Kd7 51. Kc4 Ng8 52. Kc3
Nf6 53. Kd3 Kc7 54. Nf5 Nxg4 55. Ke2 h5 56. Kf3 Nf6 57. Ng7
Kb6 58. Ne6 g4+ 59. Ke3 Kb5 60. Nc7+ Kb6 61. Ne6 Ne8 62. Kd3
Kb5 63. Kc3 Nf6 64. Ng5 a5 65. bxa5 Kxa5 66. Kd3 Kb5 67. Ke3
Kc5 68. Nf7 Ne8 69. Nh6 Ng7 70. Ng8 Kb6 71. Nf6 Kc7 72. Ng8
0-1

[Event "World Blitz Championship"]
[Site "Doha QAT"]
[Date "2016.12.29"]
[EventDate "2016.12.29"]
[Round "3.34"]
[Result "1/2-1/2"]
[White "Alireza Firouzja"]
[Black "Ngoc Truongson Nguyen"]
[WhiteElo "2456"]
[BlackElo "2629"]
[PlyCount "115"]

1. d4 Nf6 2. c4 e6 3. Nc3 Bb4 4. e3 O-O 5. Bd3 c5 6. Nf3 d5
7. O-O dxc4 8. Bxc4 Nc6 9. a3 Ba5 10. Ne2 cxd4 11. Nexd4 Nxd4
12. Nxd4 Bb6 13. Nf3 Qxd1 14. Rxd1 Rd8 15. Rxd8+ Bxd8 16. b4
Bd7 17. Bb2 Rc8 18. Ne5 Ba4 19. Rc1 Kf8 20. g4 h6 21. h3 a6
22. Be2 Rxc1+ 23. Bxc1 Bc7 24. Bb2 Bb3 25. Nd3 Bc4 26. Kf1 Ne4
27. Ke1 b5 28. Bd4 Bd6 29. Nc1 Bxe2 30. Kxe2 e5 31. Bb2 Ng5
32. h4 Ne6 33. Nb3 Ke7 34. Nd2 f6 35. Ne4 g6 36. f3 Bc7
37. Ng3 Bb6 38. h5 gxh5 39. Nf5+ Kf7 40. gxh5 Ng7 41. Nxh6+
Ke6 42. e4 Nxh5 43. Bc1 Ng7 44. Ng4 a5 45. Be3 Bc7 46. Bc5
axb4 47. axb4 f5 48. Ne3 fxe4 49. fxe4 Bd6 50. Bxd6 Kxd6
51. Kf3 Ne6 52. Nf5+ Kd7 53. Ke3 Nd8 54. Kd3 Nc6 55. Kc3 Ke6
56. Ne3 Nd4 57. Nd5 Kd6 58. Kd3 1/2-1/2

[Event "World Blitz Championship"]
[Site "Doha QAT"]
[Date "2016.12.29"]
[EventDate "2016.12.29"]
[Round "4.32"]
[Result "1/2-1/2"]
[White "Levon Aronian"]
[Black "Alireza Firouzja"]
[WhiteElo "2785"]
[BlackElo "2456"]
[PlyCount "92"]

1. c4 Nf6 2. g3 g6 3. Bg2 Bg7 4. Nc3 O-O 5. d4 d6 6. Nf3 Nbd7
7. O-O e5 8. dxe5 dxe5 9. h3 Qe7 10. Be3 c6 11. Qc1 Re8
12. Rd1 a5 13. Ng5 Nc5 14. b3 h6 15. Nf3 Kh7 16. g4 h5
17. Ng5+ Kg8 18. Bxc5 Qxc5 19. Nge4 Qe7 20. Nxf6+ Qxf6 21. Ne4
Qh4 22. Nd6 Rd8 23. Nxc8 Raxc8 24. gxh5 Qxh5 25. Qe3 Rd4
26. Rd3 Rxd3 27. Qxd3 Qg5 28. Rd1 Qe7 29. Qd7 Rc7 30. Qxe7
Rxe7 31. Rd8+ Kh7 32. e3 e4 33. Kf1 Bc3 34. Ke2 f5 35. a3 Kg7
36. Rd6 Bb2 37. a4 Ba3 38. Rd8 Kf6 39. h4 Ke6 40. Bh3 Kf6
41. Rd4 Bc5 42. Rd8 Bb6 43. Rf8+ Rf7 44. Rxf7+ Kxf7 45. h5 Kf6
46. hxg6 Kxg6 1/2-1/2

[Event "World Blitz Championship"]
[Site "Doha QAT"]
[Date "2016.12.29"]
[EventDate "2016.12.29"]
[Round "5.26"]
[Result "0-1"]
[White "Alireza Firouzja"]
[Black "Nikita Vitiugov"]
[WhiteElo "2456"]
[BlackElo "2726"]
[PlyCount "59"]

1. e4 c5 2. Nf3 a6 3. d4 cxd4 4. Nxd4 Nf6 5. f3 e5 6. Nb3 d5
7. Bg5 d4 8. c3 Nc6 9. Bc4 Be7 10. O-O O-O 11. cxd4 exd4
12. Na3 Be6 13. Rc1 Rc8 14. Kh1 Bxc4 15. Nxc4 h6 16. Bxf6 Bxf6
17. Nc5 b5 18. Nd2 Be7 19. Ndb3 a5 20. Nd3 Re8 21. f4 a4
22. Nbc5 Na5 23. b4 Nc4 24. Qh5 Bxc5 25. Nxc5 d3 26. Rfd1 d2
27. Rc2 Qd4 28. Qe2 Rxc5 29. bxc5 Qxe4 30. Rcxd2 0-1

[Event "World Blitz Championship"]
[Site "Doha QAT"]
[Date "2016.12.29"]
[EventDate "2016.12.29"]
[Round "6.36"]
[Result "0-1"]
[White "Ernesto Inarkiev"]
[Black "Alireza Firouzja"]
[WhiteElo "2709"]
[BlackElo "2456"]
[PlyCount "114"]

1. d4 Nf6 2. c4 g6 3. Nc3 Bg7 4. e4 d6 5. Nf3 O-O 6. Be2 e5
7. Be3 exd4 8. Nxd4 Re8 9. f3 c6 10. Bf2 d5 11. exd5 cxd5
12. O-O Nc6 13. c5 Nh5 14. Qd2 Be5 15. g3 Ng7 16. Rad1 Bxd4
17. Bxd4 Nxd4 18. Qxd4 Nf5 19. Qxd5 Qxd5 20. Rxd5 Ne3 21. Bb5
Rf8 22. Re1 Nxd5 23. Nxd5 Be6 24. Nc7 Rac8 25. Nxe6 fxe6
26. b4 Rxf3 27. Rxe6 a5 28. Kg2 Rc3 29. bxa5 R3xc5 30. a4 Rc2+
31. Kh3 R8c7 32. a6 bxa6 33. Rxa6 Kg7 34. Re6 Ra2 35. Re2 Rxe2
36. Bxe2 Rc2 37. Bf3 Ra2 38. Bc6 Kf6 39. Bb5 h5 40. Be8 Kg5
41. Bb5 Kh6 42. Bd7 g5 43. g4 h4 44. Bb5 Kg7 45. Bc6 Kf6
46. a5 Rxa5 47. Kg2 Ke5 48. Kf3 Ra3+ 49. Kg2 Kf4 50. Bd7 h3+
51. Kf2 Ra2+ 52. Kg1 Kf3 53. Bc6+ Kxg4 54. Bd7+ Kh4 55. Bc8 g4
56. Bd7 Ra1+ 57. Kf2 Rh1 0-1